Wiadomości statystyczne

Salvato in:
Dettagli Bibliografici
Natura: Periodico
Lingua:polacco
Pubblicazione: Warszawa Glówny urzad statystyczny 2007
Soggetti:
Tags: Aggiungi Tag
Nessun Tag, puoi essere il primo ad aggiungerne!!

MARC

LEADER 00000nas2a2200000 4500
001 0129921
005 20110527134144.8
022 |a 0043-518X 
041 0 |a pol 
044 |a PL 
245 1 0 |a Wiadomości statystyczne 
264 1 |a Warszawa  |b Glówny urzad statystyczny  |c 2007 
773 0 |w eu_un_cat*s120290 
610 2 0 |a štatistika 
610 2 0 |a informácie štatistické